[Event "ch-Euro Youth b16"]
[Site "Albena BUL"]
[Date "2011.09.11"]
[Round "1.8"]
[White "Romanov,St"]
[Black "Andersen,Mad"]
[Result "0-1"]
[WhiteElo "2114"]
[BlackElo "2398"]

1.e4 c5 2.c3 Nf6 3.e5 Nd5 4.d4 cxd4 5.Nf3 e6 6.cxd4 d6 7.Bc4 Nb6 8.Bb3 dxe5
9.Nxe5 Nc6 10.Nxc6 bxc6 11.O-O Be7 12.Nc3 O-O 13.Be3 Nd5 14.Rc1 Ba6 15.Re1 Nxe3
16.fxe3 c5 17.d5 c4 18.Bc2 Qb6 19.Be4 Rad8 20.Qc2 g6 21.Rcd1 f5 22.Bf3 e5
23.Kh1 e4 24.Be2 Bd6 25.Bf1 Rc8 26.Qa4 Rc7 27.Rd4 Qxb2 28.Rb1 Qxc3 29.Qxa6 Rd8
30.Rxc4 Rxc4 31.Qxc4 Qxe3 32.Rb3 Qf2 33.Qe2 Qxe2 34.Bxe2 Rc8 35.g3 Rc2 36.Bf1 g5
37.Rb7 f4 38.Rd7 Bc5 39.Rc7 f3 40.h4 Rc1 41.Kh2 Bg1+  0-1

[Event "8th LGA Premium Cup"]
[Site "Nuernberg GER"]
[Date "2011.09.11"]
[Round "6.20"]
[White "Mader,Ma"]
[Black "Hirneise,T"]
[Result "0-1"]
[WhiteElo "2190"]
[BlackElo "2446"]

1.e4 c5 2.c3 Nf6 3.e5 Nd5 4.Nf3 Nc6 5.Bc4 Nb6 6.Bb3 d5 7.exd6 c4 8.Bc2 Qxd6
9.O-O Bg4 10.Qe2 Qf6 11.Be4 O-O-O 12.Re1 Kb8 13.Bxc6 Qxc6 14.Ne5 Bxe2 15.Nxc6+ bxc6
16.Rxe2 e6 17.b3 Bd6 18.Ba3 c5 19.Bc1 Be7 20.Na3 Bf6 21.g3 cxb3 22.axb3 Kb7
23.Nc2 Rd6 24.Ba3 Rc6 25.Ne3 h5 26.Bb2 Rd8 27.Kf1 g5 28.h3 Bg7 29.Ra5 f5
30.f4 h4 31.Kg2 hxg3 32.Kxg3 gxf4+ 33.Kxf4 Rh8 34.Rh2 Rh4+ 35.Kf3 Rc8 36.Ng2 Rh7
37.Rh1 c4 38.b4 Rd8 39.Bc1 Rd3+ 40.Ke2 Rdxh3 41.Rxh3 Rxh3 42.Nf4 Rh2+ 43.Kd1 Rh6
44.Rc5 Bf8 45.Ra5 Bd6 46.d3 Rh1+ 47.Kc2 Rxc1+ 48.Kxc1 Bxf4+ 49.Kc2 Bd6 50.Ra1 e5
51.Rf1 Nd5 52.Kd2 cxd3 53.Kxd3 Ne7 54.Rb1 Nd5 55.Rf1 Nf4+ 56.Kc4 e4 57.Rd1 Kc7  0-1

[Event "ch-Euro Youth g16"]
[Site "Albena BUL"]
[Date "2011.09.12"]
[Round "2.32"]
[White "Protsiuk,Svetlana"]
[Black "Haukenes,Alise"]
[Result "1/2-1/2"]
[WhiteElo "1817"]
[BlackElo "1620"]

1.e4 c5 2.c3 Nf6 3.e5 Nd5 4.g3 e6 5.Bg2 d6 6.exd6 Bxd6 7.Nf3 Nc6 8.O-O O-O
9.d4 cxd4 10.Nxd4 Rb8 11.c4 Nde7 12.Nc3 Bc5 13.Nxc6 Nxc6 14.Qh5 Qa5 15.Kh1 Bb4
16.Qxa5 Bxa5 17.Ne4 e5 18.Be3 Rd8 19.f4 Bc7 20.Nc3 Be6 21.Nd5 exf4 22.Bxf4 Bxf4
23.Rxf4 Ne5 24.Rd1 Ng6 25.Rfd4 Kf8 26.Nc7 Rxd4 27.Nxe6+ fxe6 28.Rxd4 Ke7
29.Kg1 b6 30.Kf2 Rd8 31.Rxd8 Kxd8  1/2-1/2

[Event "ch-Euro Youth b18"]
[Site "Albena BUL"]
[Date "2011.09.12"]
[Round "2.20"]
[White "Danov,Lyubomir"]
[Black "Dragomirescu,R"]
[Result "0-1"]
[WhiteElo "2049"]
[BlackElo "2353"]

1.e4 c5 2.c3 Nf6 3.e5 Nd5 4.d4 cxd4 5.Nf3 Nc6 6.cxd4 d6 7.Bc4 Nb6 8.Bb5 dxe5
9.Nxe5 Bd7 10.Bxc6 Bxc6 11.Nxc6 bxc6 12.O-O e6 13.Qg4 h5 14.Qe4 Nd5 15.Nd2 Be7
16.Nf3 Rc8 17.Bd2 O-O 18.Rac1 Qb6 19.b3 Rfd8 20.Rc4 Nf6 21.Qc2 Rd5 22.h3 Nd7
23.Be3 a5 24.Ne5 Nxe5 25.dxe5 Qd8 26.f4 Rd3 27.Bc1 Qd5 28.Kh2 Bh4 29.Rc3 Bg3+
30.Kh1 Rd8 31.Qxd3 Qxd3 32.Rxd3 Rxd3 33.Kg1 g5 34.fxg5 Bxe5 35.Re1 Bg3 36.Rf1 e5
37.Rf3 Rd1+ 38.Rf1 Rd5 39.Rf3 h4 40.Be3 e4 41.Rf1 Rd3  0-1

[Event "ch-Euro Youth b18"]
[Site "Albena BUL"]
[Date "2011.09.12"]
[Round "2.2"]
[White "Bortnik,N"]
[Black "Kovalev,Vl"]
[Result "1-0"]
[WhiteElo "2319"]
[BlackElo "2452"]

1.e4 c5 2.c3 Nf6 3.e5 Nd5 4.d4 cxd4 5.Nf3 Nc6 6.cxd4 d6 7.Bc4 Nb6 8.Bb5 dxe5
9.Nxe5 Bd7 10.Nxd7 Qxd7 11.Nc3 e6 12.O-O Rd8 13.Be3 a6 14.Bxc6 Qxc6 15.Rc1 Nd5
16.Qb3 Bd6 17.Ne4 Qb5 18.Nxd6+ Rxd6 19.Rc8+ Rd8 20.Rxd8+ Kxd8 21.Bg5+ Kd7
22.Qf3 f6 23.Bh4 Qxb2 24.Qh5 Ke7 25.Qg4 g6 26.Qe4 Qb6 27.Rb1 Qc6 28.Bxf6+ Kxf6
29.Qe5+ Kf7 30.Qxh8 b5 31.Qxh7+ Kf6 32.Qh4+ Kf7 33.Qe4 b4 34.h4 a5 35.Re1 a4
36.Qf3+ Ke7 37.Qg4 Kf7 38.h5 gxh5 39.Qxh5+ Kg7 40.Qf3 a3 41.g3 Qd6 42.Re5 Nf6
43.Rg5+ Kf7 44.Qb7+ Nd7 45.d5 Kf6 46.Rg4 exd5 47.Qxb4 Nc5 48.Qd4+  1-0

[Event "ch-Euro Youth b16"]
[Site "Albena BUL"]
[Date "2011.09.12"]
[Round "2.25"]
[White "Ostovic,M"]
[Black "Tairi,K"]
[Result "1-0"]
[WhiteElo "2293"]
[BlackElo "1764"]

1.e4 c5 2.c3 Nf6 3.e5 Nd5 4.d4 cxd4 5.cxd4 d6 6.Nf3 e6 7.Bc4 Nc6 8.O-O Be7
9.Qe2 O-O 10.Re1 Bd7 11.Nc3 Nxc3 12.bxc3 Qc7 13.Bd3 Rfc8 14.Qe4 g6 15.Ng5 dxe5
16.Qh4 Bxg5 17.Bxg5 exd4 18.Bf6 Qd6 19.cxd4 Re8 20.Rab1 b6 21.Rb5 e5 22.Rd5 Qb4
23.Rb1 Qd2 24.Bxg6 fxg6 25.Rxd7 h5 26.Qe4 Qh6 27.Qd5+  1-0

[Event "ch-Euro Youth b14"]
[Site "Albena BUL"]
[Date "2011.09.12"]
[Round "2.9"]
[White "Machan,J"]
[Black "Petrosyan,M"]
[Result "0-1"]
[WhiteElo "2001"]
[BlackElo "2207"]

1.e4 c5 2.c3 Nf6 3.e5 Nd5 4.d4 cxd4 5.cxd4 e6 6.Nf3 b6 7.Bd3 Bb7 8.a3 d6
9.O-O Nd7 10.Re1 Be7 11.Bd2 O-O 12.Nc3 Nxc3 13.Bxc3 Qc8 14.Bc2 Qc7 15.Qd3 g6
16.Qe3 dxe5 17.dxe5 b5 18.Nd4 a6 19.Qh3 Nb6 20.Bb3 Nc4 21.Rac1 Bd5 22.Bxc4 bxc4
23.Nc2 h5 24.Ne3 Rfd8 25.g4 h4 26.f4 Bb7 27.Kf2 Qc6 28.Rcd1 Bc5 29.Rd2 Rxd2+
30.Bxd2 Rd8 31.Re2 Rd3 32.Ke1 Qh1+ 33.Qf1 Bxe3  0-1

[Event "US Chess League 2011"]
[Site "ICC INT"]
[Date "2011.09.12"]
[Round "3"]
[White "Battaglini,G"]
[Black "Vovsha,E"]
[Result "0-1"]
[WhiteElo "2452"]
[BlackElo "2484"]

1.e4 c5 2.c3 Nf6 3.e5 Nd5 4.d4 cxd4 5.cxd4 d6 6.f4 Nc6 7.Nc3 dxe5 8.fxe5 Bf5
9.a3 e6 10.Nf3 Bg4 11.Be2 Be7 12.O-O O-O 13.h3 Bh5 14.Bd3 Kh8 15.Be4 Nb6
16.g4 Bg6 17.Qd3 Bxe4 18.Nxe4 Qd5 19.Bg5 Qc4 20.Qd2 Bxg5 21.Nexg5 Qb3 22.Rae1 Nc4
23.Qf4 Nxb2 24.Rb1 Qc2 25.Rxb2 Qxb2 26.Qe4 g6 27.Rb1 Qxa3 28.Rxb7 Qc1+ 29.Kg2 Kg8
30.Rb1 Qc4 31.Qf4 Qc2+ 32.Nd2 Rad8 33.Ne4 Rxd4 34.Rf1 Rxe4  0-1

[Event "Pushchino Autumn"]
[Site "Pushchino RUS"]
[Date "2011.09.12"]
[Round "3"]
[White "Bivol,A"]
[Black "Rodionova,Polina"]
[Result "1-0"]
[WhiteElo "2143"]
[BlackElo "1878"]

1.e4 c5 2.c3 Nf6 3.e5 Nd5 4.d4 cxd4 5.Nf3 Nc6 6.cxd4 d6 7.exd6 e6 8.Bd3 Bxd6
9.O-O O-O 10.Nc3 h6 11.Qe2 Qf6 12.Qe4 Rd8 13.Qh7+ Kf8 14.Ne4 Qg6 15.Qxg6 fxg6
16.Nxd6 Rxd6 17.b3 Nde7 18.Ba3 Rd8 19.Bxg6 Kg8 20.Bxe7 Nxe7 21.Be4 Nd5 22.Bxd5 Rxd5
23.Rac1 Bd7 24.Rfe1 Rd6 25.h3 Bc6 26.Ne5 Bd5 27.Rc7 a5 28.Ng6 Bc6 29.Ne7+ Kf8
30.Nxc6 bxc6 31.Re4 Kg8 32.Rg4 g5 33.h4 a4 34.hxg5 h5 35.Rf4 axb3 36.axb3 Rb8
37.Rff7 Rxd4 38.Rg7+ Kh8 39.g6 Rg4 40.f3 Rg3 41.Kf2 h4 42.Rce7 e5 43.b4 Rd8
44.Rc7 Rd2+ 45.Ke3 Rd8 46.Rh7+ Kg8 47.Rxc6 Rxg2 48.b5 Rb8 49.Ke4 Rxg6 50.Rxh4 Rg1
51.b6 Rb1 52.Rhh6 Rb5 53.Rhf6 Kg7 54.Kf5 Rb3 55.Kxe5 Rb5+ 56.Kf4 Rb4+ 57.Kg3 Rb3
58.Kg4 Rb1 59.f4 Rb5 60.f5 Rb4+ 61.Kg5 Rb1 62.Rg6+ Kh7 63.Rh6+ Kg7 64.Rcg6+  1-0

[Event "ch-Euro Youth g16"]
[Site "Albena BUL"]
[Date "2011.09.13"]
[Round "3.10"]
[White "Gogishvili,D"]
[Black "Osmanodja,F"]
[Result "1/2-1/2"]
[WhiteElo "1874"]
[BlackElo "2039"]

1.e4 c5 2.c3 Nf6 3.e5 Nd5 4.d4 cxd4 5.cxd4 e6 6.Nc3 Nxc3 7.bxc3 d6 8.f4 Bd7
9.Nf3 Bc6 10.Bd3 Nd7 11.O-O Be7 12.Qe2 O-O 13.Be4 Bxe4 14.Qxe4 d5 15.Qe2 Qc7
16.Bd2 Nb6 17.g4 Qc4 18.Qe3 Qc8 19.Be1 Nc4 20.Qd3 f5 21.exf6 Bxf6 22.Bg3 Nd6
23.Nd2 Qd7 24.Rae1 Rac8 25.Re3 Nb5 26.Nb1 Nd6 27.Rfe1 Ne4 28.Kg2 Qa4 29.R1e2 Rc6
30.Be1 Bd8 31.Rf3 Bc7 32.Bg3 Ba5 33.Rc2 Rfc8 34.Be1 Rb6 35.Nd2 Nxc3 36.Nb3 Rbc6
37.Nc5 Rxc5 38.dxc5 Ne4 39.Bxa5 Qxa5 40.f5 Rxc5 41.fxe6 Qd8 42.Rxc5 Nxc5
43.Qf5 Qe7 44.Qf7+ Qxf7 45.exf7+ Kf8 46.Rf5 b6 47.Kf1 d4 48.Ke1 g6 49.Rf3 b5
50.Rh3 a5 51.Rxh7 b4 52.h4 Nd3+ 53.Kd2 Ne5 54.h5 g5 55.h6 Nxf7 56.Rg7 Nxh6
57.Rxg5 a4 58.Rg6 Nf7 59.Rb6 b3 60.a3 Ne5 61.Rb4 b2 62.Rxb2 Nc4+ 63.Kc2 Nxb2
64.Kxb2 Kf7 65.Kc2 Kf6 66.Kd3 Kg5 67.Kxd4 Kxg4 68.Kc4 Kf5 69.Kb4 Ke6  1/2-1/2

[Event "ch-Euro Youth b14"]
[Site "Albena BUL"]
[Date "2011.09.13"]
[Round "3.30"]
[White "Djuricic,Domen"]
[Black "Gheorghiu,C"]
[Result "0-1"]
[WhiteElo "1845"]
[BlackElo "2023"]

1.e4 c5 2.c3 Nf6 3.e5 Nd5 4.d4 cxd4 5.cxd4 d6 6.Bc4 Nb6 7.Bb5+ Bd7 8.Bxd7+ Qxd7
9.Nf3 d5 10.O-O e6 11.b3 Nc6 12.Nc3 Be7 13.Ne2 a5 14.a4 Rc8 15.Ng3 Nb4 16.Nh5 g6
17.Nf6+ Bxf6 18.exf6 Qd8 19.Bf4 Nd7 20.Rc1 Rxc1 21.Qxc1 Nd3 22.Qd2 Nxf4 23.Qxf4 O-O
24.Rc1 Nxf6 25.Qc7 Qb8 26.Ne5 Qa7 27.Rc5 Qa6 28.Rb5 Qa7 29.Rb6 Ne4 30.Nc6 Qa8
31.Rxb7 Qa6 32.Rb5 Kg7 33.Ne5 Kg8 34.Qxa5 Rc8 35.g3 Qd6 36.Qb4 Qc7 37.Nd3 Qc2
38.Rb8 Rxb8 39.Qxb8+ Kg7 40.Qb5 Nc3 41.Ne1 Qe4 42.Qd3 Qxe1+  0-1

[Event "ch-Euro Youth b16"]
[Site "Albena BUL"]
[Date "2011.09.13"]
[Round "3.19"]
[White "Romanov,St"]
[Black "Doros,R"]
[Result "1/2-1/2"]
[WhiteElo "2114"]
[BlackElo "2338"]

1.e4 c5 2.c3 Nf6 3.e5 Nd5 4.d4 cxd4 5.Nf3 Nc6 6.cxd4 d6 7.Bc4 Nb6 8.Bb5 Bd7
9.exd6 e6 10.O-O Bxd6 11.Nc3 Nb4 12.Be2 O-O 13.Ne4 Be7 14.a3 N4d5 15.Bd3 Nf6
16.Ne5 Be8 17.Be3 Nbd5 18.Rc1 Qb6 19.Qc2 Bb5 20.Nxf6+ Nxf6 21.Qc7 Bxd3 22.Nxd3 Nd5
23.Qxb6 axb6 24.Nf4 Rac8 25.Nxd5 exd5 26.Bf4 Rfe8 27.Rfe1 Kf8 28.Kf1 b5 29.f3 Rc4
30.Rxc4 bxc4 31.Re5 Rd8 32.Rh5 h6 33.Ke2 f6 34.Kd1 Kf7 35.Kc2 Kg6 36.g4 Kf7
37.Bc7 Rd7 38.Bb6 Ke6 39.Ba5 Bd6 40.Bd2 b5 41.f4 Bc7 42.h4 Kf7 43.Kd1 Bd8
44.Bb4 Bb6 45.Bc3 Rd8 46.Ke2 Ke6 47.Kf3 Rh8 48.f5+ Kf7 49.g5 Bd8 50.Bd2 fxg5
51.hxg5 Bb6 52.Be3 Ba7 53.Rh1 h5 54.Bf2 g6 55.Re1 Bb8  1/2-1/2

[Event "2nd Zlatni Rat Open"]
[Site "Bol CRO"]
[Date "2011.09.13"]
[Round "5.15"]
[White "Schmitz,A1"]
[Black "Solic,K"]
[Result "0-1"]
[WhiteElo "2069"]
[BlackElo "2219"]

1.e4 c5 2.c3 Nf6 3.e5 Nd5 4.d4 cxd4 5.cxd4 d6 6.Nf3 Nc6 7.Bc4 e6 8.O-O Be7
9.Bd2 O-O 10.Nc3 dxe5 11.dxe5 Nb6 12.Bb3 Na5 13.Nb5 Nxb3 14.Qxb3 a6 15.Nd6 Bxd6
16.exd6 Nd5 17.Qa3 Bd7 18.Ng5 Bb5 19.Rfc1 Qd7 20.Ne4 Rfd8 21.Qg3 Kh8 22.Qh4 b6
23.Rc3 f6 24.Rh3 g5 25.Qh5 Ra7 26.Rc1 Qf7 27.Qf3 Qg6 28.Rg3 Qf5 29.Nxf6 Nxf6
30.Bxg5 Rf8 31.Qc3 e5 32.Bxf6+ Rxf6 33.Rf3 Qe6 34.Re1 Rxf3 35.Qxf3 Qxd6 36.Rxe5  0-1

[Event "1st Marcel Duchamp"]
[Site "Buenos Aires ARG"]
[Date "2011.09.13"]
[Round "2"]
[White "Codigone,M"]
[Black "Julia,E"]
[Result "0-1"]
[WhiteElo "2021"]
[BlackElo "2380"]

1.e4 c5 2.c3 Nf6 3.e5 Nd5 4.d4 cxd4 5.Nf3 e6 6.cxd4 b6 7.Bd3 Ba6 8.O-O Be7
9.Re1 Bxd3 10.Qxd3 Nc6 11.Nc3 Ncb4 12.Qe4 Rc8 13.Bd2 O-O 14.Rac1 b5 15.Nxd5 Nxd5
16.Rxc8 Qxc8 17.Rc1 Qa6 18.Bg5 Qxa2 19.Bxe7 Nxe7 20.Ng5 Ng6 21.h4 Qxb2 22.Rb1 Qd2
23.Nxh7 Kxh7 24.h5 a6 25.hxg6+ fxg6 26.Qh4+ Kg8 27.Rf1 Qf4 28.Qxf4 Rxf4 29.Rd1 Rf8
30.Kf1 Rc8 31.Ra1 Rc6 32.Ke2 Kf7 33.Kd3 Ke7 34.f4 d6 35.g4 dxe5 36.fxe5 Kd7
37.g5 b4 38.Ra4 Rb6 39.Kc2 Kc6 40.Ra5 Kb7 41.d5 exd5 42.Rxd5 Kc6 43.Rd8 Kc5
44.Kb3 Re6 45.Rc8+ Kd5 46.Kxb4 Kxe5  0-1

[Event "ch-Euro Youth b18"]
[Site "Albena BUL"]
[Date "2011.09.14"]
[Round "4.3"]
[White "Moiseenko,Va"]
[Black "Bortnik,N"]
[Result "1/2-1/2"]
[WhiteElo "2422"]
[BlackElo "2319"]

1.e4 c5 2.c3 Nf6 3.e5 Nd5 4.Nf3 Nc6 5.Bc4 e6 6.O-O d6 7.d4 cxd4 8.cxd4 Be7
9.Qe2 O-O 10.Qe4 Kh8 11.Re1 f5 12.exf6 Nxf6 13.Qe2 e5 14.dxe5 dxe5 15.Rd1 Qe8
16.h3 e4 17.Nh2 Qg6 18.Kh1 Ne5 19.Be3 Nh5 20.Nc3 Bh4 21.Bd5 Nf6 22.Bc5 Nd3
23.Nxe4 Nxd5 24.Rxd3 Nf4 25.Qf3 Bf5 26.Re3 Nd3 27.Bxf8 Bxe4 28.Rxe4 Qxe4
29.Rf1 Qxf3 30.Nxf3 Bxf2 31.Ne5 Nxe5 32.Rxf2  1/2-1/2

[Event "ch-Euro Youth g16"]
[Site "Albena BUL"]
[Date "2011.09.14"]
[Round "4.26"]
[White "Matisone,Dana"]
[Black "Oliveira,Maria"]
[Result "1/2-1/2"]
[WhiteElo "1607"]
[BlackElo "1873"]

1.e4 c5 2.c3 Nf6 3.e5 Nd5 4.d4 cxd4 5.cxd4 e6 6.Bc4 d6 7.Nf3 Nc6 8.O-O Be7
9.Re1 O-O 10.Bxd5 exd5 11.Nc3 dxe5 12.Nxe5 Nxe5 13.Rxe5 Be6 14.Qh5 Bf6 15.Bg5 Bxg5
16.Rxg5 Qb6 17.Rxg7+ Kxg7 18.Qg5+ Kh8 19.Qf6+ Kg8 20.Qg5+ Kh8 21.Qf6+ Kg8  1/2-1/2

[Event "2nd Livigno Open A"]
[Site "Livigno ITA"]
[Date "2011.09.14"]
[Round "4.6"]
[White "Sveshnikov,E"]
[Black "Mareco,S"]
[Result "1/2-1/2"]
[WhiteElo "2504"]
[BlackElo "2597"]

1.e4 c5 2.c3 Nf6 3.e5 Nd5 4.d4 cxd4 5.cxd4 d6 6.Nf3 Nc6 7.Bc4 e6 8.O-O Be7
9.Qe2 O-O 10.Rd1 Na5 11.Bxd5 exd5 12.Nc3 Be6 13.Bf4 Nc6 14.exd6 Bxd6 15.Bxd6 Qxd6
16.Ne5 Ne7 17.Re1 Rfe8 18.Rad1 a6 19.Qd2 f6 20.Nd3 Bf7 21.Qf4 Qb6  1/2-1/2

[Event "2nd Livigno Open A"]
[Site "Livigno ITA"]
[Date "2011.09.14"]
[Round "4.14"]
[White "Reverby,M"]
[Black "Olszewski,Mi"]
[Result "0-1"]
[WhiteElo "2153"]
[BlackElo "2534"]

1.e4 c5 2.c3 Nf6 3.e5 Nd5 4.d4 cxd4 5.Nf3 e6 6.cxd4 b6 7.Bc4 Ba6 8.Nbd2 Bxc4
9.Nxc4 Qc8 10.Qe2 Bb4+ 11.Bd2 Bxd2+ 12.Nfxd2 O-O 13.O-O Qa6 14.Qe4 Nc6 15.Nd6 f5
16.Qh4 Nce7 17.Nf3 Ng6 18.Qg3 Ndf4 19.Kh1 Qe2 20.b3 Nd3 21.Ng1 Qc2 22.Rad1 Ndf4
23.a4 Nd5 24.Qd3 Qxd3 25.Rxd3 Nge7 26.Rc1 a6 27.Ne2 Nc8 28.Nc4 b5 29.Ne3 Nb4
30.Rd2 f4 31.Nc2 Nd5 32.Na3 f3 33.Ng3 bxa4 34.bxa4 Nce7 35.Ne4 Rac8 36.Rxc8 Rxc8
37.Rc2 Rb8 38.Nc5 Nf5 39.Rd2 Rb4 40.gxf3 a5 41.h3 Nxd4 42.Nxd7 Nxf3 43.Rc2 Rxa4
44.Rc8+ Kf7 45.Rf8+ Ke7 46.Rxf3 Kxd7 47.Nc2 Rc4 48.Na3 Rc3 49.Kg2 Kc6 50.Nb1 Rxf3
51.Kxf3  0-1

[Event "ch-Euro Youth b16"]
[Site "Albena BUL"]
[Date "2011.09.15"]
[Round "5.29"]
[White "Real,T"]
[Black "Malureanu,C"]
[Result "0-1"]
[WhiteElo "1974"]
[BlackElo "2165"]

1.e4 c5 2.c3 Nf6 3.e5 Nd5 4.d4 cxd4 5.Nf3 d6 6.exd6 e6 7.c4 Nf6 8.Nxd4 Bd7
9.c5 Qa5+ 10.Nc3 Qxc5 11.Ndb5 Na6 12.Be3 Qe5 13.Qd4 Qxd4 14.Bxd4 Nd5 15.Nxd5 exd5
16.Bxa7 f6 17.Bb6 Kf7 18.O-O-O Rc8+ 19.Bc7 Bxb5 20.Bxb5 Bxd6  0-1

[Event "2nd Livigno Open A"]
[Site "Livigno ITA"]
[Date "2011.09.15"]
[Round "5.18"]
[White "Arnetta,MariaT"]
[Black "Rotstein,A"]
[Result "0-1"]
[WhiteElo "2017"]
[BlackElo "2515"]

1.e4 c5 2.c3 Nf6 3.e5 Nd5 4.d4 cxd4 5.Nf3 e6 6.cxd4 d6 7.a3 Nd7 8.Bd3 dxe5
9.dxe5 g6 10.O-O Bg7 11.Qe2 O-O 12.Bd2 Nc5 13.Bc4 b5 14.Bg5 f6 15.Bxd5 exd5
16.exf6 Bxf6 17.Bxf6 Qxf6 18.Nc3 d4 19.Nd5 Qd6 20.Ne7+ Kg7 21.Nxc8 Raxc8
22.b4 Ne6 23.Qxb5 Rf5 24.Qb7+ Rc7 25.Qe4 d3 26.Rad1 Rd7 27.g3 Nc7 28.a4 Rd5
29.Rfe1 Rf7 30.Re3 d2 31.Re2 Qf6 32.Nxd2 Rfd7 33.Qc2 Ne6 34.Qc6 R5d6 35.Qe4 Ng5
36.Qe3 Re6 37.Qc5 Rxe2  0-1

[Event "2nd Livigno Open A"]
[Site "Livigno ITA"]
[Date "2011.09.15"]
[Round "6.24"]
[White "Reverby,M"]
[Black "Bosschem,T"]
[Result "1/2-1/2"]
[WhiteElo "2153"]
[BlackElo "2068"]

1.e4 c5 2.c3 Nf6 3.e5 Nd5 4.d4 cxd4 5.Nf3 e6 6.cxd4 d6 7.a3 Nc6 8.Bd3 Qc7
9.O-O dxe5 10.dxe5 g6 11.b4 Bg7 12.Bb2 O-O 13.Re1 Rd8 14.Qc2 Qe7 15.Be4 Bd7
16.Nc3 Nxc3 17.Qxc3 Rac8 18.Qe3 a6 19.h4 h6 20.h5 g5 21.Bb1 Be8 22.Nh2 f5
23.exf6 Bxf6 24.Bxf6 Qxf6 25.Ng4 Qxa1 26.Bh7+ Kxh7 27.Rxa1 Bxh5 28.Nf6+ Kg6
29.Nxh5 Kxh5 30.Qh3+ Kg6 31.Qxe6+ Kg7 32.Re1 Rc7 33.Qh3 Nd4 34.f4 Rd5 35.Qh5 Rf5
36.Qe8 Rcf7 37.Re7 Nc6 38.Rxf7+ Rxf7 39.fxg5 hxg5 40.Qe3 Kf6 41.Qf3+ Ke6
42.Qe4+ Ne5 43.a4 g4 44.Kh2 Kd6 45.Kg3 Ke6 46.Qc2 Kd6 47.Qc5+ Ke6 48.Qb6+ Kd5
49.Qd8+ Ke6 50.Qd4 Rd7 51.Qb6+ Kf5 52.Qf2+ Ke4 53.Qf4+ Kd5 54.Qg5 Rf7 55.Qd2+ Ke4
56.Qc2+ Kd5 57.Kh4 Ke6 58.Kg5 Kd5 59.Qb3+ Kd4 60.Qb2+ Kd5 61.Qa2+ Kd4 62.b5 axb5
63.axb5 Ke4 64.Kh4 Rd7 65.b6  1/2-1/2

[Event "ch-Euro Youth b14"]
[Site "Albena BUL"]
[Date "2011.09.17"]
[Round "6.7"]
[White "Ali Marandi,C"]
[Black "Huber,Mart AUT"]
[Result "1/2-1/2"]
[WhiteElo "2257"]
[BlackElo "2133"]

1.e4 c5 2.c3 Nf6 3.e5 Nd5 4.d4 cxd4 5.Nf3 Nc6 6.cxd4 d6 7.Bc4 dxe5 8.dxe5 Ndb4
9.Qb3 e6 10.O-O Na5 11.Bb5+ Bd7 12.Qa4 Bxb5 13.Qxb5+ Nac6 14.Nc3 a6 15.Qc4 Qd3
16.Qg4 Qg6 17.Qxg6 hxg6 18.Rd1 Be7 19.Bf4 Rd8 20.Rxd8+ Bxd8 21.Rd1 Ne7 22.Ne4 Bc7
23.Bg5 Ned5 24.a3 Nc6  1/2-1/2

[Event "ch-Euro Youth g16"]
[Site "Albena BUL"]
[Date "2011.09.17"]
[Round "6.21"]
[White "Matisone,Dana"]
[Black "Durmaz,A"]
[Result "1-0"]
[WhiteElo "1607"]
[BlackElo "1816"]

1.e4 c5 2.c3 Nf6 3.e5 Nd5 4.d4 cxd4 5.cxd4 e6 6.Bc4 Bb4+ 7.Bd2 Bxd2+ 8.Qxd2 b6
9.Bxd5 exd5 10.Nc3 Bb7 11.Nf3 O-O 12.O-O d6 13.Rfe1 Re8 14.exd6 Rxe1+ 15.Rxe1 Nd7
16.Re7 f6 17.Qf4 Bc6 18.Ng5 Nf8 19.Nf7 Qc8 20.Nh6+ gxh6 21.d7 Qxd7 22.Rxd7 Nxd7
23.Qd6 Rc8 24.f3 Kf7 25.Nxd5 Bb5 26.Nc7  1-0

[Event "TCh-NED Meesterklasse 2011-12"]
[Site "Netherlands NED"]
[Date "2011.09.17"]
[Round "1.6"]
[White "Brandenburg,D"]
[Black "Van der Poel,H"]
[Result "1-0"]
[WhiteElo "2522"]
[BlackElo "2312"]

1.e4 c5 2.c3 Nf6 3.e5 Nd5 4.Nf3 e6 5.Bc4 d6 6.d4 cxd4 7.cxd4 Nc6 8.O-O Be7
9.a3 O-O 10.Re1 Bd7 11.Qd3 Na5 12.Ba2 dxe5 13.dxe5 b5 14.Nbd2 Rc8 15.b4 Nc6
16.Bb1 g6 17.Ne4 a5 18.Bb2 axb4 19.axb4 Ncxb4 20.Qd2 Re8 21.h4 Bc6 22.Nfg5 Ra8
23.Rxa8 Bxa8 24.Rd1 Nc6 25.Nxf7 Kxf7 26.Qh6 Kg8 27.Nf6+ Nxf6 28.Rxd8 Rxd8
29.exf6 Rd1+ 30.Kh2 Bd6+ 31.f4 Bf8 32.f7+ Kxf7 33.Qxh7+ Ke8 34.Bxg6+ Kd8
35.Qh8  1-0

[Event "11th Josipa Ipavca Mem"]
[Site "Sentjur SLO"]
[Date "2011.09.17"]
[Round "4.1"]
[White "Mestrovic,Z"]
[Black "Beletic,D"]
[Result "1/2-1/2"]
[WhiteElo "2369"]
[BlackElo "2219"]

1.e4 c5 2.c3 Nf6 3.e5 Nd5 4.d4 cxd4 5.Nf3 e6 6.Bc4 Nc6 7.O-O Be7 8.cxd4 d6
9.exd6 Qxd6 10.Nc3 Nxc3 11.bxc3 O-O 12.Qe2 b6 13.Rd1 Na5 14.Bd3 Bb7 15.c4 Bf6
16.Rb1 Rac8 17.Bd2 Nc6 18.c5 Qd5 19.Qe4 Qxe4 20.Bxe4 Ba8 21.cxb6 axb6 22.Be3 Ne7  1/2-1/2

[Event "ch-Euro Youth b14"]
[Site "Albena BUL"]
[Date "2011.09.18"]
[Round "7.8"]
[White "Boruchovsky,A"]
[Black "Naoum,S"]
[Result "1-0"]
[WhiteElo "2326"]
[BlackElo "2098"]

1.e4 c5 2.c3 Nf6 3.e5 Nd5 4.d4 cxd4 5.cxd4 e6 6.Nf3 d6 7.Bc4 Nb6 8.Bd3 Nc6
9.O-O Nb4 10.Be2 dxe5 11.Nxe5 Bd6 12.Nc3 Nd7 13.Bf4 Bb8 14.Qa4 Nd5 15.Nxd5 exd5
16.Bb5 O-O 17.Nxd7 Bxd7 18.Bxb8 Bxb5 19.Qxb5 Rxb8 20.Rfe1 a6 21.Qb3 Qa5 22.Re5 Rbc8
23.Rd1 Rfe8 24.Qxb7 Qd2 25.Qb3 Rxe5 26.dxe5 Qe2 27.Qxd5 h6 28.h3 Qxb2 29.e6 Qf6
30.Re1 fxe6 31.Rxe6 Qf7 32.Qe4 Rf8 33.Qe3 a5 34.a3 Qf4 35.Re8 Qf7 36.Rxf8+ Qxf8
37.g3 Qc8 38.Kf1 Qc2 39.Kg2 a4 40.h4 Qb3 41.Qc5 Kf7 42.g4 Ke6 43.f3 Qd1 44.h5 Qe2+
45.Kg3 Qd1 46.Kf4 Qb3 47.Qf8 Kd5 48.Qf7+ Kc6 49.Qxg7 Qxa3 50.Qxh6+ Kb5  1-0

[Event "ch-Euro Youth b18"]
[Site "Albena BUL"]
[Date "2011.09.18"]
[Round "7.36"]
[White "Vandevenne,S"]
[Black "Danov,Lyubomir"]
[Result "0-1"]
[WhiteElo "2096"]
[BlackElo "2049"]

1.e4 c5 2.c3 Nf6 3.e5 Nd5 4.d4 cxd4 5.cxd4 d6 6.exd6 e6 7.Nf3 Bxd6 8.Nc3 Nxc3
9.bxc3 Qc7 10.Bd2 Nd7 11.Bd3 b6 12.O-O O-O 13.Qe2 Bb7 14.h4 e5 15.Ng5 Nf6
16.f3 exd4 17.cxd4 Bg3 18.Be1 Rad8 19.Rd1 Rfe8 20.Qb2 h6 21.Nh3 Bxe1 22.Rfxe1 Rxe1+
23.Rxe1 Bxf3 24.Qf2 Bc6 25.Bf5 Qd6 26.Rd1 Ba4 27.Rd2 Bd7 28.Bc2 Bxh3 29.gxh3 Re8
30.Qf3 Nd5 31.Bb3 Re3 32.Qf2 Rxh3  0-1

[Event "2nd Livigno Open A"]
[Site "Livigno ITA"]
[Date "2011.09.18"]
[Round "9.10"]
[White "Janev,E"]
[Black "Bruno,Fabi"]
[Result "1/2-1/2"]
[WhiteElo "2511"]
[BlackElo "2431"]

1.e4 c5 2.c3 Nf6 3.e5 Nd5 4.Nf3 e6 5.d4 cxd4 6.cxd4 d6 7.a3 Bd7 8.Bd3 Bc6
9.O-O Nd7 10.Re1 Rc8 11.b4 a6 12.Bg5 Qc7 13.Nbd2 h6 14.Bh4 dxe5 15.dxe5 Nc3
16.Qc2 Bb5 17.Nb3 Bxd3 18.Qxd3 Qc4 19.Qxc4 Rxc4 20.Rac1 Be7 21.Re3 Bxh4 22.Nxh4 Rxh4
23.Rcxc3 O-O 24.g3 Rh5 25.f4 Nb6 26.Red3 g5 27.Nc5 gxf4 28.gxf4  1/2-1/2

[Event "4th Mumbai Mayors Cup"]
[Site "Mumbai IND"]
[Date "2011.09.18"]
[Round "4"]
[White "Kulkarni,R"]
[Black "Himanshu,Sh"]
[Result "0-1"]
[WhiteElo "2233"]
[BlackElo "2421"]

1.e4 c5 2.c3 Nf6 3.e5 Nd5 4.Nf3 e6 5.Bc4 Nb6 6.Bb3 c4 7.Bc2 d6 8.exd6 Qxd6
9.b3 Be7 10.Qe2 Qc7 11.O-O O-O 12.Na3 cxb3 13.axb3 a6 14.d4 Qxc3 15.Bg5 Qc7
16.Qe4 f5 17.Qe2 Nc6 18.Nc4 Bxg5 19.Nxb6 Qxb6 20.Nxg5 Nxd4 21.Qe3 h6 22.Rad1 e5
23.Nf3 f4 24.Qxe5 Nxc2 25.Rd6 Qb5 26.Rd5 Qxb3 27.Nd2 Qb6 28.Rd6 Qb5 29.Rd5 Qe8
30.Qc3 Qg6 31.Nf3 Be6 32.Rc5 Rac8  0-1

[Event "ch-Euro Youth b16"]
[Site "Albena BUL"]
[Date "2011.09.19"]
[Round "8.19"]
[White "Real,T"]
[Black "Grib,R"]
[Result "0-1"]
[WhiteElo "1974"]
[BlackElo "2294"]

1.e4 c5 2.c3 Nf6 3.e5 Nd5 4.d4 cxd4 5.Nf3 Nc6 6.Bc4 Nb6 7.Bb3 d6 8.exd6 Qxd6
9.Na3 a6 10.O-O e6 11.Nxd4 Nxd4 12.cxd4 Be7 13.Qf3 O-O 14.Rd1 Qb8 15.Bf4 Bd6
16.Bxd6 Qxd6 17.Rac1 Rb8 18.Rc3 Bd7 19.Qh5 Nd5 20.Bxd5 Qxd5 21.Qxd5 exd5
22.Nc2 Rbc8 23.Nb4 Rxc3 24.bxc3 Be6 25.Kf1 Rc8 26.Rc1 Kf8 27.Ke2 Ke7 28.Kd2 a5
29.Nd3 b6 30.Rb1 Rc6 31.Rb5 Rd6 32.Ne5 Kd8 33.Rb2 Kc7 34.f4 f6 35.Nd3 Bf5
36.Nf2 h5 37.Nd1 Be4 38.g3 Re6 39.Ne3 Kc6 40.Kc1 f5 41.a4 h4 42.c4 hxg3 43.hxg3 dxc4
44.Nxc4 Kd5 45.Rxb6 Rxb6 46.Nxb6+ Kxd4 47.Kb2 Bc6 48.Kb3 Bd5+ 49.Ka3 Be6
50.Na8 Ke4 51.Nc7 Bd7 52.Na6 Kf3 53.Nc5 Bc8 54.Nb3 Kxg3 55.Nxa5 Kxf4 56.Kb3 g5
57.Kc3 g4 58.Kd2 Bd7 59.Ke2 Bxa4 60.Kf2 g3+ 61.Kg2 Kg4 62.Nc4 Bc6+ 63.Kg1 Ba8
64.Ne3+ Kg5 65.Nd1 f4 66.Nc3 f3 67.Ne2 Kg4 68.Nd4 Bb7 69.Ne2 f2+ 70.Kf1 Ba6  0-1

[Event "ch-Euro Youth g16"]
[Site "Albena BUL"]
[Date "2011.09.19"]
[Round "8.12"]
[White "Gogishvili,D"]
[Black "Ibrahimova,S"]
[Result "1-0"]
[WhiteElo "1874"]
[BlackElo "2108"]

1.e4 c5 2.c3 Nf6 3.e5 Nd5 4.d4 cxd4 5.cxd4 Nc6 6.Nf3 d6 7.Bc4 e6 8.O-O Be7
9.Qe2 O-O 10.Nc3 Nxc3 11.bxc3 dxe5 12.dxe5 Qa5 13.Bd2 Qc7 14.Qe4 b6 15.Bd3 g6
16.Bh6 Rd8 17.Rfd1 Bb7 18.Qf4 Rd7 19.Be4 Rad8 20.Rxd7 Rxd7 21.h4 Qd8 22.g3 Bc5
23.h5 Rd1+ 24.Rxd1 Qxd1+ 25.Kg2 Qd8 26.Ng5 Qe7 27.Bf3 Nd8 28.Bxb7 Qxb7+ 29.Ne4 Be7
30.Kh2 Qc7 31.c4 a5 32.Bg5 Bxg5 33.Qxg5 Kg7 34.Qf6+ Kf8 35.Nd6 Qd7 36.h6 a4
37.Qh8+ Ke7 38.Qxh7 Qc7 39.Qh8  1-0